000 00497cam a2200181ua 4500
020 _a81-7544-136-4
_c375.00
041 _aeng
_h
082 _a510.10246
_bASO/MA
100 _aAsok kumar, Mukhopadhyay .
245 _aMathematical methods for engineers and physicists /
_cAsok kumar Mukhopadhyay.
_hTextual Documents
250 _a1 /
_b.
260 _a :
_bWheeler publishing ,
_c1998.
300 _a729 ; .
365 _a375.00
504 _a
942 _cBK
999 _c2418
_d2418